000 00457nam a2200169 4500
001 VA40484
003 ES-SlBCS
005 20210908011006.0
008 140520s1971 xxu||||| |||| 00| 0 spa d
041 _aspa
100 1 _aBlázquez, Niceto
_928632
245 1 0 _aLa fabricación de niños en tubos de ensayo
_cNiceto Blázquez
260 _aMadrid :
_bStudium
_c, 1971
300 _a72 p.;
_c18 cm
650 _aFecundación in Vitro
_9125827
942 _cBK
999 _c792191
_d792191